[Event "AUTO-INT-1329"]
[Site "http://www.queenalice.com/game.php?id=596497"]
[Date "2009.6.1"]
[Round "1"]
[White "ricvila"]
[Black "giobetti"]
[Result "0-1"]
[WhiteElo "1575"]
[BlackElo "1529"]

1. Nf3 b6 2. g3 Bb7 3. Bg2 d5 4. O-O Nd7 5. d3 e6 6. Nbd2 Bd6 7. c4 Ne7 8. a3
O-O 9. b4 h6 10. Nb3 c5 11. cxd5 Bxd5 12. Bd2 Ne5 13. Nxe5 Bxe5 14. Bxd5 Nxd5
15. Rb1 Bc3 16. Rc1 Bb2 17. Rb1 Bxa3 18. bxc5 Bxc5 19. Nxc5 bxc5 20. Qc2 Qc7 21.
Rfc1 Rfc8 22. Rb5 Rab8 23. Rxb8 Rxb8 24. Qxc5 Qxc5 25. Rxc5 Rb2 26. Ba5 Rxe2 27.
Kg2 Nf6 28. Rc7 Ng4 29. Kh3 h5 30. Bc3 Rxf2 31. Kh4 Rxh2+ 32. Kg5 f6+ 33. Kf4
e5+ 34. Ke4 Nf2+ 35. Ke3 Nd1+ 36. Kf3 Rf2+ 37. Ke4 h4 38. gxh4 Rf4+ 39. Kd5 Rxh4
40. Bb4 Rxb4 41. Rxa7 Rd4+ 0-1

[Event "AUTO-INT-1329"]
[Site "http://www.queenalice.com/game.php?id=596508"]
[Date "2009.6.1"]
[Round "1"]
[White "leonard99"]
[Black "ricvila"]
[Result "0-1"]
[WhiteElo "1746"]
[BlackElo "1587"]

1. e4 e6 2. Nf3 d5 3. e5 c5 4. b3 Nc6 5. Bb5 Qb6 6. a4 a6 7. Bxc6+ bxc6 8. O-O
Ne7 9. d3 Ng6 10. d4 cxd4 11. Nxd4 Nxe5 12. Be3 c5 13. Nf3 Bd6 14. b4 Nxf3+ 15.
Qxf3 Qxb4 16. c3 Qb6 17. c4 Bb7 18. cxd5 Bxd5 19. Qg4 Be5 20. Ra3 O-O 21. Nc3
Bc6 22. Bh6 Rfd8 23. Re1 Bf6 24. Ne4 Bxe4 25. Rg3 g6 26. Qxe4 Rac8 27. Rf3 Bg7
28. Rb1 Qc6 29. Qxc6 Rxc6 30. Bf4 Rdc8 31. Rb7 c4 32. Rd7 c3 33. Bc1 c2 34.
Rfxf7 Bb2 35. Bxb2 c1=Q+ 0-1

[Event "AUTO-INT-1329"]
[Site "http://www.queenalice.com/game.php?id=596509"]
[Date "2009.6.1"]
[Round "1"]
[White "ricvila"]
[Black "leonard99"]
[Result "1/2-1/2"]
[WhiteElo "1594"]
[BlackElo "1745"]

1. Nf3 d5 2. g3 Bg4 3. Bg2 e6 4. O-O Bc5 5. d3 Nf6 6. Nbd2 O-O 7. c4 dxc4 8.
Nxc4 Nc6 9. a3 Nd4 10. Nxd4 Bxd4 11. Bxb7 Rb8 12. Bg2 c5 13. Rb1 Nd5 14. h3 Bh5
15. Qc2 Qf6 16. Bf4 Nxf4 17. gxf4 Bg6 18. e4 Qxf4 19. b3 Bh5 20. Qd2 e5 21. Qxf4
exf4 22. Nd2 Rb6 23. Nf3 Bxf3 24. Bxf3 Rg6+ 25. Kh2 Rd8 26. Bg4 Rdd6 27. b4 cxb4
28. axb4 Bc3 29. Rfc1 Rxd3 30. Bf5 Rh6 31. Rb3 Rc6 32. e5 Bxb4 33. Bxd3 Rxc1 34.
Rxb4 g5 35. Ra4 Rc7 36. Kg2 Rd7 37. Be4 Re7 38. f3 Rxe5 39. Rxa7 Kg7 40. Rd7 h6
41. Rd5 Re7 42. h4 g4 43. Rd4 1/2-1/2

[Event "AUTO-INT-1329"]
[Site "http://www.queenalice.com/game.php?id=596516"]
[Date "2009.6.1"]
[Round "1"]
[White "ricvila"]
[Black "jck2"]
[Result "0-1"]
[WhiteElo "1559"]
[BlackElo "1963"]

1. Nf3 c6 2. g3 d5 3. Bg2 e5 4. d3 Bg4 5. O-O Nf6 6. Nbd2 Nbd7 7. Re1 Bc5 8. c4
O-O 9. cxd5 cxd5 10. Nb3 Bb6 11. Bd2 Re8 12. Rc1 Rc8 13. Bc3 d4 14. Bb4 a5 15.
Bd2 a4 16. Na1 Rxc1 17. Qxc1 Ba5 18. Bxa5 Qxa5 19. Qd2 Qb6 20. Rc1 Ra8 21. a3
Ra5 22. b3 axb3 23. Rb1 Rxa3 24. Qd1 Bxf3 25. Bxf3 b2 26. Nc2 Rb3 27. Qd2 Nc5
28. Ne1 Qb4 29. Qxb4 Rxb4 30. Nc2 Rb3 31. Ne1 Na4 0-1

[Event "AUTO-INT-1329"]
[Site "http://www.queenalice.com/game.php?id=596517"]
[Date "2009.6.1"]
[Round "1"]
[White "jck2"]
[Black "ricvila"]
[Result "1-0"]
[WhiteElo "2009"]
[BlackElo "1581"]

1. Nf3 e6 2. d4 d5 3. e3 Nf6 4. c4 c6 5. Nc3 dxc4 6. Bxc4 Nbd7 7. a3 Be7 8. O-O
O-O 9. b4 Nb6 10. Bd3 Nbd5 11. Nxd5 Nxd5 12. Qc2 h6 13. e4 Nb6 14. Bb2 Bf6 15.
e5 Be7 16. Rac1 Nd5 17. Be4 Qb6 18. Bxd5 exd5 19. h3 Be6 20. Nh4 Bxh4 21. Qd3
Be7 22. f4 g6 23. g4 Bd7 24. f5 gxf5 25. gxf5 Bg5 26. Rce1 Qc7 27. Bc1 Bxc1 28.
Rxc1 Kh8 29. Kh2 Qd8 30. Qe3 Kh7 31. f6 Be6 32. Rg1 Rg8 33. Rxg8 Qxg8 34. Rg1
Qxg1+ 35. Qxg1 Rg8 36. Qb1+ Kh8 37. b5 1-0

[Event "AUTO-BEG-297"]
[Site "http://www.queenalice.com/game.php?id=612942"]
[Date "2009.7.3"]
[Round "2"]
[White "Melzer"]
[Black "ricvila"]
[Result "1-0"]
[WhiteElo "2316"]
[BlackElo "1541"]

1. e4 c6 2. d4 d5 3. exd5 cxd5 4. c4 dxc4 5. Bxc4 e6 6. Nc3 Nc6 7. Nf3 Nf6 8.
O-O Bd6 9. d5 exd5 10. Re1+ Be6 11. Nxd5 Nxd5 12. Bxd5 O-O 13. Bxe6 fxe6 14. Qb3
Qf6 15. Rxe6 Qf7 16. Rxd6 Qxb3 17. axb3 a6 18. Be3 Rf7 19. Rad1 Raf8 20. h3 h6
21. Nh4 Ne5 22. f4 Nc6 23. Ng6 Re8 24. Bd2 Na5 25. Bxa5 Kh7 26. Bc3 Rc7 27. f5
Rf7 28. g4 Re4 29. Rd8 Re3 30. Rh8# 1-0

[Event "AUTO-BEG-297"]
[Site "http://www.queenalice.com/game.php?id=612943"]
[Date "2009.7.3"]
[Round "2"]
[White "ricvila"]
[Black "Melzer"]
[Result "0-1"]
[WhiteElo "1557"]
[BlackElo "2280"]

1. c4 e5 2. Nc3 Nf6 3. g3 Nc6 4. Bg2 Bc5 5. d3 h6 6. a3 O-O 7. b4 Bd4 8. Bb2 d5
9. Qc2 Bxf2+ 10. Kxf2 Ng4+ 11. Ke1 Ne3 12. Qc1 Nxg2+ 13. Kd2 Nd4 14. Kd1 Nb3 15.
Qc2 Ne3+ 0-1

[Event "AUTO-BEG-297"]
[Site "http://www.queenalice.com/game.php?id=612946"]
[Date "2009.7.3"]
[Round "2"]
[White "Gera10"]
[Black "ricvila"]
[Result "1-0"]
[WhiteElo "1616"]
[BlackElo "1495"]

1. e4 e6 2. d4 d5 3. Qf3 dxe4 4. Qxe4 Nf6 5. Bg5 Nxe4 6. Bxd8 Kxd8 7. Nf3 Nf6 8.
Ne5 Ke8 9. Nc3 Bd6 10. f4 Bxe5 11. fxe5 Nfd7 12. O-O-O Nc6 13. Nb5 a6 14. Nxc7+
Kd8 15. Nxa8 b5 16. h4 Bb7 17. d5 exd5 18. e6 fxe6 19. g3 Bxa8 20. h5 Kc7 21. h6
g6 22. Bh3 Re8 23. Rde1 Nc5 24. g4 Nd7 25. g5 e5 26. Rhf1 Re7 27. Rd1 1-0

[Event "AUTO-BEG-297"]
[Site "http://www.queenalice.com/game.php?id=612947"]
[Date "2009.7.3"]
[Round "2"]
[White "ricvila"]
[Black "Gera10"]
[Result "0-1"]
[WhiteElo "1484"]
[BlackElo "1627"]

1. Nf3 Nc6 2. g3 e5 3. Bg2 e4 4. Ng1 Nf6 5. d3 d5 6. c4 d4 7. a3 Bf5 8. b4 exd3
9. exd3 Ne5 10. Nf3 Nxd3+ 11. Kf1 Ng4 12. Nbd2 Be7 13. Ne1 Ndxf2 14. Qe2 Bd3 15.
Nxd3 Nxh1 16. Bxh1 Nf6 17. Nf3 O-O 18. Qf2 Ne4 19. Qe2 Nc3 20. Qc2 Bf6 21. Bb2
Re8 22. Bxc3 dxc3 23. Re1 Rxe1+ 24. Ndxe1 g6 25. Nd3 a5 26. b5 b6 0-1

[Event "AUTO-BEG-297"]
[Site "http://www.queenalice.com/game.php?id=612950"]
[Date "2009.7.3"]
[Round "2"]
[White "ricvila"]
[Black "julio_falk"]
[Result "1-0"]
[WhiteElo "1586"]
[BlackElo "1396"]

1. Nf3 e6 2. g3 Nf6 3. Bg2 Bc5 4. O-O Ne4 5. d3 Nd6 6. c4 O-O 7. a3 Na6 8. b4
Bb6 9. c5 Bxc5 10. bxc5 Nxc5 11. Nc3 Qf6 12. Bb2 a5 13. Qc2 Ra6 14. Na4 Nxa4 15.
Bxf6 gxf6 16. Qxa4 b5 17. Qc2 a4 18. Rab1 Bb7 19. Nd2 e5 20. Rfc1 Rc6 21. Qb2 f5
22. Bxc6 Bxc6 23. Qxe5 Re8 24. Qb2 Rxe2 25. Re1 Nc4 26. dxc4 Rxe1+ 27. Rxe1 Kf8
28. cxb5 Bb7 29. Qe5 d6 30. Qe7+ Kg7 31. Qxc7 1-0

[Event "AUTO-BEG-297"]
[Site "http://www.queenalice.com/game.php?id=612951"]
[Date "2009.7.3"]
[Round "2"]
[White "julio_falk"]
[Black "ricvila"]
[Result "1-0"]
[WhiteElo "1478"]
[BlackElo "1512"]

1. e4 e6 2. a3 d5 3. e5 c5 4. Bb5+ Bd7 5. a4 a6 6. Bxd7+ Nxd7 7. Nf3 b5 8. axb5
axb5 9. Na3 b4 10. O-O bxa3 11. bxa3 Ne7 12. a4 Nc6 13. Re1 Be7 14. c3 O-O 15.
Ba3 Rxa4 16. Qxa4 Qc7 17. d4 Nb6 18. Qb3 Rb8 19. dxc5 Nd7 20. Rab1 Rxb3 21. Rxb3
Nd8 22. c6 Bxa3 23. cxd7 Qxd7 24. Rxa3 h6 25. Ra8 Kh7 26. g4 Nc6 27. g5 g6 28.
Rb1 Qc7 29. Nd4 Nxd4 30. cxd4 hxg5 31. Rbb8 f5 32. Rc8 Qg7 33. Re8 g4 34. Rxe6
Kh6 35. Ra5 Qd7 36. Rd6 Qb7 37. Raxd5 Qb1+ 38. Kg2 1-0